000 01632cam a22004574i 4500
003 PE-LiUPU
005 20250731173147.0
008 150623s1998 xxu r 000 0 eng d
020 _a0788011839
035 _a(Sirsi) i9780788011832
040 _aPE-LiUPU
_bspa
_cPE-LiUPU
_erda
049 _aPRUA
082 0 4 _a249.5
_bB39
_221
100 1 _aBerecz, John Michael,
_eautor.
245 1 0 _aBeyond shame and pain :
_bforgiving yourself and others /
_cJohn Michael Berecz.
264 1 _aOhio :
_bCSS Publishing Company,
_c1998.
300 _a160 páginas ;
_c21 centímetros
336 _atext
_2rdacontent
337 _aunmediated
_2rdamedia
338 _avolume
_2rdacarrier
504 _aIncluye bibliografía.
505 0 _aHow self-esteem shapes forgiveness -- How circumstances color forgiveness -- How personality styles influence forgiveness -- Savannah and Kathleen. Flowers of Forgiveness.
526 _aSEG42
526 _aSEG41
526 _aSEG40
526 _aSEG39
526 _aP94
526 _aP87
526 _aP86
526 _aP85
526 _aP77
526 _aP76
526 _aP35
650 0 4 _aPerdón
_xCristianismo.
942 _2ddc
_cBOOK
949 _a249.5 B39
_wDEWEY
_c1
_i53301
_lCCODEBUL1
_mBUL
_p18.00
_r0
_sY
_tBOOK
_u2015-6-24
_xTEOLOGIA
_PP35
_0COMPRA
_o.STAFF. Colección Teología
994 _aC0
_bPEPRU
596 _a1
999 _a249.5 B39
_wDEWEY
_c35262
_i53301
_f2021-11-10
_g5
_lCCODEBUL1
_mBUL
_p18.00
_r0
_sY
_tBOOK
_u2015-6-24
_xTEOLOGIA
_PP35
_0COMPRA
_o.STAFF. Colección Teología
_d35262
980 _81
_gALBERTO SANCHEZ Responsable de Automatización